000 00941nam0a22002411 4500
001 rc\2998361
005 20250530005911.0
035 _a(NLR Aleph) 007141932
090 _a7064531
_c7064531
100 _a20110919d1936 |||y0rusy50 ca
101 0 _arus
102 _aRU
105 _ay z |||||
200 1 _aГеолого-петрографический очерк Хибинских тундр
210 _a[Москва]
_cБ. и.
_d[1936]
215 _aС. 1013-1040
300 _aВ кн.: Академику Вернадскому к пятидесятилетию научной и педагогической деятельности. Т. 2. Москва. 1936, с. 1013-1040
700 1 _7ca
_8rus
_aКуплетский
_bБ. М.
_f1894-1964
_gБорис Михайлович
_9243805
_3RU\NLR\AUTH\770243861
801 0 _aRU
_bNLR
_gpsbo
801 1 _aRU
_bELAR
_2rusmarc
852 _aNLR
_j36-19/190(2)
942 _cBOOK
980 _aNB